00792 2200289 4500001002100000005001500021035002500036008004100061082001600102084001800118090002000136100003200156245005300188260003300241300003200274650003300306650003300339700001400372040001700386850001200403041000800415246001900423990001200442990001800454990001800472990001200490YOGYA-0512000000034420240315081703 a0010-051200000000344120510s1952 jki g 0 ind d04223a899.283 a899.283 SIT s aL 899.283 SIT s3 aSitumorang, T.D.ePengarang1 aSedjarah Melayu /coleh T.D. Situmorang, A Teeuw3 aDjakarta :bDjambatan,c1952 axxxi, 359 halaman ;c19 cm. 4aKasusastran Melayu--xCerita 4aSejarah Kesusasteraan Melayu1 aTeeuw, A. aYOPDYOGbind aYOPDYOG0 aind aSejarah melayu a13534-B a54292-PD/A.17 a54292-PD/A.17 a13534-B